| Tag |
First Indicator |
Second Indicator |
Subfields |
| LEADER |
00000cam a2200000Ia 4500 |
| 001 |
in00003600921 |
| 005 |
20170928105809.0 |
| 008 |
140627s2014 it a b 000 0 eng d |
| 020 |
|
|
|a 8857524027
|
| 020 |
|
|
|a 9788857524023
|
| 035 |
|
|
|a (OCoLC)ocn881890599
|
| 040 |
|
|
|a YDXCP
|e rda
|c YDXCP
|d BWK
|d UAB
|d UtOrBLW
|
| 049 |
|
|
|a TXAM
|
| 050 |
|
4 |
|a ND1140
|b .P35 2014
|
| 082 |
0 |
|
|a 750
|2 23
|
| 245 |
0 |
0 |
|a Painting :
|b the infinite body /
|c [edited by] Francesco Correffia, Pietro Finelli.
|
| 264 |
|
1 |
|a [Milan] :
|b Mimesis International,
|c [2014]
|
| 264 |
|
4 |
|c ©2014
|
| 300 |
|
|
|a 99 pages :
|b color illustrations ;
|c 21 cm.
|
| 336 |
|
|
|a text
|b txt
|2 rdacontent
|
| 337 |
|
|
|a unmediated
|b n
|2 rdamedia
|
| 338 |
|
|
|a volume
|b nc
|2 rdacarrier
|
| 504 |
|
|
|a Includes bibliographical references.
|
| 650 |
|
0 |
|a Painting
|x Philosophy.
|0 http://id.loc.gov/authorities/subjects/sh2008108838
|
| 700 |
1 |
|
|a Finelli, Pietro,
|d 1957-
|e editor,
|e author.
|0 http://id.loc.gov/authorities/names/nr99010663
|
| 700 |
1 |
|
|a Correggia, Francesco,
|e editor,
|e author.
|0 http://id.loc.gov/authorities/names/n2015058900
|
| 945 |
|
|
|a PromptCat
|b 411429
|
| 946 |
|
|
|a stk
|
| 947 |
|
|
|a A14842925514
|
| 948 |
|
|
|a cataloged
|b h
|c 2016/1/7
|d c
|e dmitchel
|f 9:20:10 am
|
| 994 |
|
|
|a 92
|b TXA
|
| 999 |
f |
f |
|s c029fadd-5717-30f9-9663-257c67448125
|i c088d6d8-dce3-31bf-a1ee-adda5bbdb556
|t 0
|
| 952 |
f |
f |
|p normal
|a Texas A&M University
|b College Station
|c Sterling C. Evans Library
|d Evans: Library Stacks
|t 0
|e ND1140 .P35 2014
|h Library of Congress classification
|i unmediated -- volume
|m A14842925514
|
| 998 |
f |
f |
|a ND1140 .P35 2014
|t 0
|l Evans: Library Stacks
|